00698nam a2200229 a 450000100060000000300080000600500170001400800410003103500190007204000350009104100080012608200220013410000390015624501190019526000310031430000200034549000270036565000160039265000120040870000210042083000270044163378BD-RjUL20211209081206.0171730s1934 enk 000 0 eng d a(BD-RjUL)63507 aBD-RjULcBD-RjULdBD-RjULbeng aeng a110223bSHC 19341 aShahani, Ranjee Gurdarsing,d1904-14aThe coming of Karuna :ba vision of creative love /cby Ranjee G. Shahani ... with appreciation by Havelock Ellis. aLondon :bJ. Murray,c1934 a91 p. ;c17 cm.0 aThe wisdom of the East 0aMetaphysics 0aPoetry. a Ellis, Havelock aThe wisdom of the East